000 00639cab a2200241 4500
001 ABS50595
008 090401t1994 xxu||||| |||| 00| 0 eng d
035 _a(Sirsi) u76593
041 _aeng
110 _aAnthony Williams and Partners
_93
245 _aDossier: Emmanuel Church, Chesham
260 _c1994
350 _a0
490 _aBuilding
_v259(7845) 27 May 1994, 39-46(8)
650 _aBUILT ENVIRONMENT-BUILDING COSTS
650 _aCHURCH BUILDINGS
650 _aCHURCHES
650 _aCOST ANALYSIS
650 _aSPECIFICATION
690 _aBUILDING AND CONSTRUCTION-PROJECTS
942 _n0
948 _c04/03/1997
999 _c48138
_d48138